000 00453nam a2200169Ia 4500
008 230711s9999||||xx |||||||||||||| ||und||
020 _a978-1-138-62805-2
041 _aENG
082 _a664.09
_bRO-F
100 _aRobertson,Gordon L
245 0 _aFood Packaging Principles and Practice
250 _a3rd Ed.
260 _c2012
_aNew York
_bCRC Press Taylor & Francis Group
300 _a703p.
650 _aFood Science and Technology
942 _cBK
999 _c7395
_d7395